Giáo trình chủ nghĩa duy vật biện chứng Hệ cử nhân chính trị

Shranjeno v:
Bibliografske podrobnosti
Glavni avtor: HỌC VIỆN CHÍNH TRỊ QUỐC GIA HỒ CHÍ MINH
Format: Knjiga
Jezik:Undetermined
Izdano: Hà Nội CTQG 2002
Teme:
Oznake: Označite
Brez oznak, prvi označite!
Thư viện lưu trữ: Trung tâm Học liệu Trường Đại học Cần Thơ
LEADER 00620nam a2200181Ia 4500
001 CTU_50514
008 210402s9999 xx 000 0 und d
082 |a 335.4112 
082 |b H419 
100 |a HỌC VIỆN CHÍNH TRỊ QUỐC GIA HỒ CHÍ MINH 
245 0 |a Giáo trình chủ nghĩa duy vật biện chứng 
245 0 |b Hệ cử nhân chính trị 
245 0 |c HỌC VIỆN CHÍNH TRỊ QUỐC GIA HỒ CHÍ MINH 
260 |a Hà Nội 
260 |b CTQG 
260 |c 2002 
650 |a dialectical materialism 
980 |a Trung tâm Học liệu Trường Đại học Cần Thơ